Deltarune Characters - Statistics

General Stats
  • This quiz has been taken 576 times
  • The average score is 7 of 9
Answer Stats
Hint Answer % Correct
You Kris
98%
Mom Toriel
97%
School Bully Susie
96%
Your Teacher Alphys
93%
Your Brother Asriel
92%
Secret Boss Jevil
88%
Prince in the Dark World Ralsie
54%
Partner with an egg Temmie
54%
The name of your Dad's shop The Flower King
53%
No matching quizzes found
Score Distribution
Percent of People with Each Score
Percentile by Number Answered
Your Score History
You have not taken this quiz